000 00775nam a2200241Ia 4500
003 OSt
005 20220926042022.0
006 a|||||r|||| 00| 0
007 ta
008 220923b |||||||| |||| 00| 0 eng d
037 _cGeneral Book
040 _aRTL
_cRTL
_beng
041 _2eng
_aeng
082 _aX9(J3751):51.2.N5, J8
110 _aGovernment of India. Food & Agriculture (M/O-). Marketing & inspection(D/O of-)
_9345744
245 0 _aMarketing of Mangoes in India.
260 _c1958
490 _aAgricultural marketing series, 77.
650 _aFruits
700 _aGovernment of India. Food & Agriculture (M/O-). Marketing & inspection(D/O of-)
_9345745
942 _hX9(J3751):51.2.N5, J8
_cGB
_2CC
999 _c668693
_d668693